| 000 -LEADER |
| fixed length control field |
00411cam a22001337a 4500 |
| 008 - FIXED-LENGTH DATA ELEMENTS--GENERAL INFORMATION |
| fixed length control field |
180718b1969 xxu||||| |||| 00| 0 eng d |
| 082 ## - DEWEY DECIMAL CLASSIFICATION NUMBER |
| Classification number |
B5x43 P442 |
| 100 ## - MAIN ENTRY--PERSONAL NAME |
| Personal name |
Petetson, Edward N. |
| 245 ## - TITLE STATEMENT |
| Title |
Limits of Hitler's power |
| Statement of responsibility, etc. |
by Edward N. Petetson |
| 260 ## - PUBLICATION, DISTRIBUTION, ETC. |
| Place of publication, distribution, etc. |
New Jersey |
| Name of publisher, distributor, etc. |
Princeton |
| Date of publication, distribution, etc. |
1969 |
| 300 ## - PHYSICAL DESCRIPTION |
| Extent |
xxiii,472p |
| 650 ## - SUBJECT ADDED ENTRY--TOPICAL TERM |
| Topical term or geographic name entry element |
Germany --Politics and government --1933-1945. |
| 650 ## - SUBJECT ADDED ENTRY--TOPICAL TERM |
| Topical term or geographic name entry element |
Hitler, Adolf, 1889-1945 |